| 000 | 00809nam a22002177a 4500 | ||
|---|---|---|---|
| 003 | KOHA_MİRAKIL | ||
| 005 | 20260602102017.0 | ||
| 008 | 260602b tu ||||| |||| 00| 0 tur d | ||
| 020 | _a9785288037771 | ||
| 040 |
_aTR-AnABB _btur _cTR-AnABB |
||
| 041 | _arus | ||
| 082 |
_a330.956 1 _bIVA 2005 |
||
| 100 | 1 | _aİvanov , S. M. | |
| 245 | 1 | 0 |
_aОсманская империя в мировой экономической системе: вторая половина XIX / _cС. М. Иванов |
| 260 |
_aPetersburg : _bSt. Petersburg Üniversitesi Yayınevi, _c2005 |
||
| 300 |
_a351 sayfa ; _c20 cm |
||
| 500 | _aKitap, yazar tarafından Prof. Dr. Ruşen Keleş için imzalanmıştır. | ||
| 650 | 0 | 4 | _aEkonomi, Osmanlı İmparatorluğu |
| 650 | 0 | 4 | _aEkonomi |
| 942 |
_2ddc _cBK |
||
| 999 |
_c10396 _d10396 |
||
| 900 | _bCan ÇELIK | ||